Some aspects of professional freedom of teachers : (Record no. 49929)
[ view plain ]
| 000 -LEADER | |
|---|---|
| fixed length control field | 00940nam a22003012i 4500 |
| 001 - CONTROL NUMBER | |
| control field | 49929 |
| 003 - CONTROL NUMBER IDENTIFIER | |
| rucl marc code | BD-RJUL |
| 005 - DATE AND TIME OF LATEST TRANSACTION | |
| control field | 20211209075431.0 |
| 008 - FIXED-LENGTH DATA ELEMENTS--GENERAL INFORMATION | |
| fixed length control field | 160823s1977 fr b i000 0 eng d |
| 020 ## - INTERNATIONAL STANDARD BOOK NUMBER | |
| International Standard Book Number | 9231014242 |
| 035 ## - SYSTEM CONTROL NUMBER | |
| System control number | BD-RJUL 50049 |
| 040 ## - CATALOGING SOURCE | |
| Original cataloging agency | DLC |
| Transcribing agency | DLC |
| Modifying agency | EQO |
| Language of cataloging | eng |
| 041 ## - LANGUAGE CODE | |
| Language code of text/sound track or separate title | eng |
| 082 ## - DEWEY DECIMAL CLASSIFICATION NUMBER | |
| Classification number | 371.104 |
| Author mark and year | MOS 1977 |
| 100 1# - MAIN ENTRY--PERSONAL NAME | |
| Personal name | Morris, Ben, |
| Dates associated with a name | 1910- |
| 9 (RLIN) | 149640 |
| 245 10 - TITLE STATEMENT | |
| Title | Some aspects of professional freedom of teachers : |
| Remainder of title | an international pilot inquiry / |
| Statement of responsibility, etc. | Ben Morris |
| 260 ## - PUBLICATION, DISTRIBUTION, ETC. (IMPRINT) | |
| Place of publication, distribution, etc. | Paris : |
| Name of publisher, distributor, etc. | Unesco, |
| Date of publication, distribution, etc. | 1977 |
| 300 ## - PHYSICAL DESCRIPTION | |
| Pagination | 213 p. ; |
| Size | 21 cm |
| 490 1# - SERIES STATEMENT | |
| Series statement | Monographs on education (Unesco) ; |
| Volume/sequential designation | 9 |
| Series statement | Monographs on education ; |
| Volume/sequential designation | 9 |
| 504 ## - BIBLIOGRAPHY, ETC. NOTE | |
| Bibliography, etc | Includes bibliographical references |
| 650 #0 - SUBJECT ADDED ENTRY--TOPICAL TERM | |
| Topical term or geographic name as entry element | Teaching, Freedom of |
| 9 (RLIN) | 144062 |
| Topical term or geographic name as entry element | Teachers. |
| 9 (RLIN) | 149641 |
| Topical term or geographic name as entry element | Educational surveys |
| 9 (RLIN) | 132325 |
| 830 #0 - SERIES ADDED ENTRY--UNIFORM TITLE | |
| Uniform title | Monographs on education (Unesco) ; |
| Volume number/sequential designation | 9 |
| 942 ## - ADDED ENTRY ELEMENTS (KOHA) | |
| Source of classification or shelving scheme | Dewey Decimal Classification |
| Koha item type | Books |
| Lost status | Source of classification or shelving scheme | Damaged status | Not for loan | Collection code | Permanent Location | Current Location | Shelving location | Date acquired | Source of acquisition | Total Checkouts | Full call number | Date last seen | Copy number | Koha item type |
|---|---|---|---|---|---|---|---|---|---|---|---|---|---|---|
| Dewey Decimal Classification | Non-fiction | Central Library, University of Rajshahi | Central Library, University of Rajshahi | 30/08/1982 | Oxford University Press | 371.104 MOS 1977 | 23/08/2016 | C-2 | Books | |||||
| Dewey Decimal Classification | Non-fiction | Central Library, University of Rajshahi | Central Library, University of Rajshahi | 30/08/1982 | Oxford University Press | 371.104 MOS 1977 | 23/08/2016 | C-3 | Books | |||||
| Dewey Decimal Classification | Non-fiction | Central Library, University of Rajshahi | Central Library, University of Rajshahi | 30/08/1982 | Oxford University Press | 371.104 MOS 1977 | 23/08/2016 | C-4 | Books | |||||
| Dewey Decimal Classification | Non-fiction | Central Library, University of Rajshahi | Central Library, University of Rajshahi | 30/08/1982 | Oxford University Press | 371.104 MOS 1977 | 23/08/2016 | C-5 | Books |